000 00667nab a2200193 4500
001 244442
003 OSt
005 20260318093156.0
007 tu
008 260318s2020|||||||
040 _aDE-2950
_cDE-2950
245 0 0 _aÜberraschend gute Akustik
_bKonzerthalle. Das Staatsorchester probt nun wegen der geplanten Sanierung in der Messehalle 2 in Frankfurt. Wie das Ausweichquartier ankommt und wie der Umzug geklappt hat/
_cLisa Larossa
264 _c2026
653 _aFrankfurt
653 _aStaatsorchester
653 _aUmzug Messehalle
773 0 _g37. Jahrgang (2026) Nr. 61 vom 13.03.2026 , S. 13 mit Fotos
_tMärkische Oderzeitung
942 _2z
_cA
999 _c374346
_d374346